Datum a čas kvízu
13.5
Celkem bodů
Celkový počet nahraných bodů na tomto kvízu bez doplňovacích otázek.
7.
Pořadí na kvízu
Konečné umístění týmu na tomto kvízu.
Zaznamenané odpovědi
| # | Otázka | Odpověď | Body | Výsledky |
|---|---|---|---|---|
| 1. | Ekonomka a bývalá rektorka brn... | Danuše Nerudová | 0 | |
| 2. | Do Venezuely dorazila bílá lví... | z Hodonína | 0 | |
| 3. | V neděli došlo v pařížském Lou... | dort | 0 | |
| 4. | Dvě velké banky se v České rep... | Komerční banka, Moneta | 0.5 | |
| 5. | Jak se jmenuje nový trenér prv... | Brian Priske | 0 | |
| 6. | V dalším díle této tematické s... | C | 1 | |
| 7. | Paulinie nápojná je známá hlav... | guarana | 0 | |
| 8. | Tento jihoamerický dravý pták... | kondor | 0 | |
| 9. | Tato velká šelma je svým výsky... | jaguár | 1 | |
| 10. | Tato zelenina pochází z Jižní... | ačokča | 0 |